Heat conduction / (Record no. 7101)
[ view plain ]
| 000 -LEADER | |
|---|---|
| fixed length control field | 00491cam a2200193ua 4500 |
| 020 ## - INTERNATIONAL STANDARD BOOK NUMBER | |
| ISBN | 3-540-15244-X |
| 041 ## - LANGUAGE CODE | |
| Language code of text/sound track or separate title | eng |
| 082 ## - DEWEY DECIMAL CLASSIFICATION NUMBER | |
| Classification number | 621.4022 |
| Item number | KAK/HE |
| 100 ## - MAIN ENTRY--AUTHOR NAME | |
| Personal name | Kakae, Sadik . |
| 245 ## - TITLE STATEMENT | |
| Title | Heat conduction / |
| 250 ## - EDITION STATEMENT | |
| Edition statement | 2 / |
| 260 ## - PUBLICATION, DISTRIBUTION, ETC. (IMPRINT) | |
| Place of publication | London : |
| Name of publisher | Hemisphere Publishing Corporation , |
| Year of publication | 1985. |
| 300 ## - PHYSICAL DESCRIPTION | |
| Number of Pages | 397 ; . |
| 700 1# - ADDED ENTRY--PERSONAL NAME | |
| Personal name | Yener, Yaman . |
| 942 ## - ADDED ENTRY ELEMENTS (KOHA) | |
| Koha item type | Books |
| Withdrawn status | Lost status | Damaged status | Home library | Current library | Date acquired | Full call number | Accession Number | Koha item type |
|---|---|---|---|---|---|---|---|---|
| KAUAET | KAUAET | 08/09/1986 | 621.4022 | 15734 | Books |
